000 00507nam a2200181Ia 4500
008 151018s9999 xx 000 0 und d
082 _bRBASDV39083
_a891.461
100 _aउद्धव कानडे
245 _aहृदयरंग
250 _b1
260 _bशांती
_c2003
300 _a112
600 _aउद्धव कानडे
630 _aहृदयरंग
700 _aउद्धव कानडे
730 _aहृदयरंग
942 _cBOOK
999 _c1038414
_d1038411